Introduction to alternative medicine and therapies/ (Record no. 210518)

MARC details
000 -LEADER
fixed length control field 00788nam a22002177a 4500
005 - DATE AND TIME OF LATEST TRANSACTION
control field 20250326143425.0
010 ## - LCCN (DPL NO)
LC control number ENG-144266
020 ## - INTERNATIONAL STANDARD BOOK NUMBER
Terms of availability 65.00
International Standard Book Number 9789394609006
035 ## - SYSTEM CONTROL NUMBER
System control number EN-127798
037 ## - SOURCE OF ACQUISITION
Source of stock number/acquisition DBAD
082 ## - DEWEY DECIMAL CLASSIFICATION NUMBER
Classification number 615.5
100 ## - MAIN ENTRY--PERSONAL NAME
Personal name Moorthy, A.M.
245 ## - TITLE STATEMENT
Title Introduction to alternative medicine and therapies/
Statement of responsibility, etc A.M. moorthy, P. ramasamy [AND] A. Sathish Kumar
260 ## - PUBLICATION, DISTRIBUTION, ETC. (IMPRINT)
Place of publication, distribution, etc Chennai
Name of publisher, distributor, etc Aksharaa muthra alayam pvt. ltd
Date of publication, distribution, etc 2022
270 ## - ADDRESS
Address No.44/303, anna salai, teynampet,
City Chennai
Postal code 600018
Telephone number 044-4580083
-- 9282134542
Electronic mail address murali.aks@gmail.com
300 ## - PHYSICAL DESCRIPTION
Extent 393p.
Dimensions 23.7cm(Hb)
650 ## - SUBJECT ADDED ENTRY--TOPICAL TERM
Topical term or geographic name as entry element Science--Social aspects
650 ## - SUBJECT ADDED ENTRY--TOPICAL TERM
Topical term or geographic name as entry element Science, Ancient
700 ## - ADDED ENTRY--PERSONAL NAME
Personal name P. ramasamy [AND] A. Sathish Kumar
9 (RLIN) 79943
942 ## - ADDED ENTRY ELEMENTS (KOHA)
Source of classification or shelving scheme Dewey Decimal Classification
Item type English Books
Classification part 615.5
Call number suffix MOO
Holdings
Withdrawn status Lost status Not for loan Collection code Home library Current library Date acquired Source of acquisition Cost, normal purchase price Full call number Barcode Copy number Cost, replacement price Koha item type
      Non-fiction Sarojini Nagar Sarojini Nagar 26/03/2025 DBAD 350.00 615.5 MOO EN-127798 1 350.00 English Books

© Delhi Public Library
Hit Counter
free hit counter